[Event "Landesliga Sued 0809"]
[Site "Bayern"]
[Date "2008.12.14"]
[Round "4.8"]
[White "Appel, Ewald"]
[Black "Weichlein, Paul"]
[Result "0-1"]
[WhiteElo "1960"]
[BlackElo "1771"]
[PlyCount "66"]
[EventDate "2008.10.05"]
[EventType "team-tourn"]
[EventRounds "9"]
[EventCountry "GER"]
[SourceTitle "EXT 2020"]
[Source "ChessBase"]
[SourceDate "2019.10.17"]
[SourceVersion "1"]
[SourceVersionDate "2019.10.17"]
[SourceQuality "1"]
[WhiteTeam "Ingolstadt"]
[BlackTeam "Haunstetten"]
[WhiteTeamCountry "GER"]
[BlackTeamCountry "GER"]

1. e4 c5 2. Nf3 Nc6 3. d4 cxd4 4. Nxd4 Nf6 5. Nc3 g6 6. Be3 Bg7 7. Be2 0-0 8. g4 d5 9. Nxc6 bxc6 10. exd5 cxd5 11. Bd4 e5 12. Bxe5 Re8 13. Qd4 Rxe5 14. Qxe5 Ne4 15. Qf4 Nxc3 16. Bd3 Qe7+ 17. Kf1 Be5 18. Re1 Ne4 19. Qe3 Bb7 20. f3 Qf6 21. Kg2 d4 22. Qe2 Ng5 23. Be4 Ne6 24. Bxb7 Nf4+ 25. Kf1 Nxe2 26. Bxa8 Nf4 27. h4 d3 28. cxd3 Nxd3 29. Re3 Nxb2 30. h5 Nd1 31. Re1 Qa6+ 32. Kg1 Qb6+ 33. Kf1 Qf2# 0-1